Louane - Aimer à mort (Paroles) - Statistiques

Statistiques générales
  • Ce quiz a été pris 27 fois
  • Le résultat moyen est 179 sur 230
Statistiques - réponses
Paroles % Correct
à
100%
Aimer
100%
mort,
100%
mort
100%
sans
100%
j'ai
95%
je
95%
là,
95%
95%
quand
95%
suis
95%
toi
95%
et
90%
le
90%
les
90%
moi
90%
si
90%
de
86%
Même
86%
pas
86%
peur
86%
peur,
86%
se
86%
des
81%
respirer
81%
tort,
81%
en
76%
au
71%
Avoir
71%
crois
71%
nous
71%
on
71%
Pour
71%
pour
71%
toucher
71%
C'est
67%
ou
67%
gens
62%
j'arrête
62%
qui
62%
reprendre,
62%
soi
62%
Un
62%
baiser
57%
chaque
57%
cou,
57%
droit,
57%
feu,
57%
fois
57%
froid
57%
roi
57%
souffle
57%
accords
52%
Avancer
52%
comprendre
52%
facile
52%
perdre
52%
Perdre
52%
s'endort
52%
son
52%
tout
52%
Arrêter
48%
aux
48%
coeurs,
48%
fil,
48%
temps
48%
défendre
43%
compteur,
38%
doutes
38%
Effacer
38%
sommeil
38%
atteint
33%
cesse
33%
egos,
33%
Face
33%
joue,
33%
semble
33%
s'éveillent
33%
casser
29%
l'écrin
29%
mots,
29%
Craindre
24%
L'espoirt
10%
Aucun quiz correspondant
Distribution des résultats
% des personnes avec chaque résultat
Percentile par nombre de réponses
Votre historique - résultats
Vous n’avez pas pris ce quiz